[Event "WYCC Girls 10"]
[Site "Porto Carras"]
[Date "2015.10.26"]
[Round "2.5"]
[White "Shuqja, Klean"]
[Black "Kamalidenova, Meruert"]
[Result "0-1"]
[BlackElo "1720"]
[WhiteElo "1414"]
[LiveChessVersion "1.4.6"]

1. e4 c5 2. Nf3 d6 3. d4 cxd4 4. Nxd4 Nf6 5. Nc3 g6 6. Be2 Bg7 7. O-O Nc6 8. Nb3
O-O 9. Re1 a6 10. Bg5 Be6 11. Bf1 Qc7 12. Nd5 Bxd5 13. exd5 Ne5 14. c3 Rfe8 15.
Qd2 Rac8 16. Rad1 Nc4 17. Bxc4 Qxc4 18. Qd3 Qg4 19. Bxf6 Bxf6 20. Re4 Qd7 21. Rc4
Rxc4 22. Qxc4 Rc8 23. Qb4 Rc7 24. h3 Qc8 25. Na5 Rc5 26. c4 Qc7 27. Nxb7 Rxc4 28.
Qb3 Rc2 29. Rb1 Bd4 30. Kh1 Rc1+ 31. Rxc1 Qxc1+ 32. Kh2 Bxf2 33. h4 h5 34. Qf3
Qg1+ 35. Kh3 Qh1# 0-1

[Event "WYCC Girls 10"]
[Site "Porto Carras"]
[Date "2015.10.26"]
[Round "2.6"]
[White "Song, Yuxin"]
[Black "Naymanova, Patricie"]
[Result "1-0"]
[BlackElo "1442"]
[WhiteElo "1700"]
[LiveChessVersion "1.4.6"]

1. e4 e6 2. d4 d5 3. Nd2 dxe4 4. Nxe4 Nd7 5. Nf3 Ngf6 6. Bd3 Be7 7. O-O O-O 8.
Re1 b6 9. Qe2 Bb7 10. c3 Nxe4 11. Bxe4 Bxe4 12. Qxe4 Nf6 13. Qc6 Qd6 14. Ne5 Qxc6
15. Nxc6 Bd6 16. g3 Nd5 17. Bd2 Ne7 18. Nxe7+ Bxe7 19. Rad1 c5 20. d5 Rad8 21.
dxe6 fxe6 22. Rxe6 Bg5 23. f4 Bf6 24. Kf2 Rd7 25. Ke2 Rfd8 26. g4 Kf7 27. Re3 h6
28. Rg3 Bh4 29. Rf3 Be7 30. Rff1 1-0

[Event "WYCC Girls 10"]
[Site "Porto Carras"]
[Date "2015.10.26"]
[Round "2.7"]
[White "Lhotska, Anna"]
[Black "Demeter, Dorina"]
[Result "0-1"]
[BlackElo "1684"]
[WhiteElo "1390"]
[LiveChessVersion "1.4.6"]

1. d4 d5 2. Nc3 e6 3. Nf3 c5 4. e4 Nf6 5. Bg5 Be7 6. exd5 cxd4 7. Bb5+ Kf8 8.
Nxd4 Nxd5 9. Bxe7+ Kxe7 10. Qf3 Qa5 11. O-O Nxc3 12. bxc3 a6 13. Bc4 Qc7 14. Bb3
Nc6 15. Rfe1 Rd8 16. Qg4 Nxd4 17. cxd4 Kf8 18. Rad1 b5 19. Qe4 Bb7 20. Qxh7 Ke7
21. Qh4+ Kf8 22. Qg3 Qxg3 23. fxg3 a5 24. a4 b4 25. Re5 Bd5 26. Bxd5 Rxd5 27.
Rxd5 exd5 28. Kf2 Rc8 29. Ke3 Rxc2 30. Kf3 Ra2 31. Rc1 Rxa4 32. Rc5 b3 33. Rxd5
b2 34. Rb5 Rb4 0-1

[Event "WYCC Girls 10"]
[Site "Porto Carras"]
[Date "2015.10.26"]
[Round "2.8"]
[White "Zvereva, Margarita"]
[Black "Desai, Nilomi"]
[Result "1-0"]
[BlackElo "1420"]
[WhiteElo "1677"]
[LiveChessVersion "1.4.6"]

1. e4 c6 2. d4 d5 3. Nc3 dxe4 4. Nxe4 Bf5 5. Ng3 Bg6 6. h4 h6 7. Nf3 Nd7 8. h5
Bh7 9. Bd3 Bxd3 10. Qxd3 e6 11. Bd2 Ngf6 12. O-O-O Qc7 13. Ne4 Rd8 14. g3 c5 15.
Nxf6+ Nxf6 16. Qb5+ Qc6 17. Qxc6+ bxc6 18. Ba5 Rd5 19. dxc5 Bxc5 20. Rxd5 cxd5
21. Be1 Ke7 22. b4 Bd6 23. Nd4 Rb8 24. Nc6+ Kd7 25. Nxb8+ Bxb8 26. Bc3 e5 27. f3
Bd6 28. b5 Ke6 29. g4 Nd7 30. Re1 Kf6 31. f4 d4 32. fxe5+ Bxe5 33. Bd2 Nb6 34.
Ba5 Nc4 35. Bd8+ Ke6 36. Bc7 Kd5 37. Bxe5 Nxe5 38. a4 d3 39. Rd1 Kc4 40. cxd3+
Nxd3+ 41. Rxd3 Kxd3 42. a5 Ke4 43. b6 axb6 44. axb6 Kf4 45. b7 Kxg4 46. b8=Q Kxh5
47. Qf4 f6 48. Kd2 Kg6 49. Ke3 h5 50. Kf3 Kf7 51. Qf5 g6 52. Qd7+ Kf8 53. Ke4 Kg8
54. Kd5 g5 55. Ke6 g4 56. Kxf6 g3 57. Qg7# 1-0

[Event "WYCC Girls 10"]
[Site "Porto Carras"]
[Date "2015.10.26"]
[Round "2.9"]
[White "Allahverdiyeva, Ayan"]
[Black "Keskin, Elif"]
[Result "1-0"]
[BlackElo "1411"]
[WhiteElo "1657"]
[LiveChessVersion "1.4.6"]

1. e4 c5 2. c3 g6 3. d4 cxd4 4. cxd4 d5 5. exd5 Nf6 6. Nc3 Nxd5 7. Bc4 Nb6 8. Bb3
Bg7 9. Nge2 O-O 10. O-O Nc6 11. Be3 Bg4 12. f3 Bf5 13. Ne4 Na5 14. N2g3 Nac4 15.
Bf2 Nxb2 16. Qd2 N2c4 17. Bxc4 Nxc4 18. Qe2 Rc8 19. Nxf5 gxf5 20. Ng3 Bxd4 21.
Nxf5 Bxa1 22. Nxe7+ Kh8 23. Nxc8 Qxc8 24. Rxa1 Re8 25. Bd4+ Kg8 26. Qf2 Qf5 27.
Qg3+ Qg6 28. Re1 Rxe1+ 29. Qxe1 Nd6 30. h3 Qe6 31. Qg3+ Qg6 32. Qe5 Kf8 33. Bc5
Qe6 34. Bxd6+ Ke8 35. Qxe6+ fxe6 36. Kf2 Kd7 37. Bf4 Kc6 38. g4 b5 39. Ke3 a5 40.
Kd3 b4 41. Kc4 Kb6 42. h4 Kc6 43. g5 Kd7 44. h5 Ke7 45. Kb5 Kf7 46. Kxa5 Kg7 47.
Kxb4 Kf7 48. a4 Ke7 49. a5 Kd7 50. a6 Kc8 51. g6 hxg6 52. hxg6 Kd8 53. g7 Ke7 54.
g8=Q Kf6 55. Qg5+ Kf7 56. a7 Ke8 57. a8=Q+ Kd7 58. Qg7# 1-0

[Event "WYCC Girls 10"]
[Site "Porto Carras"]
[Date "2015.10.26"]
[Round "2.10"]
[White "Yagutian, Mariya"]
[Black "Kairbekova, Amina"]
[Result "0-1"]
[BlackElo "1655"]
[WhiteElo "1373"]
[LiveChessVersion "1.4.6"]

1. d4 Nf6 2. Nf3 c5 3. c4 g6 4. Nc3 d6 5. e4 Bg7 6. Be2 O-O 7. O-O Nbd7 8. Bf4 h6
9. h3 a6 10. a4 b6 11. Qd2 Kh7 12. Kh1 Bb7 13. g4 Ng8 14. g5 h5 15. Nh4 f6 16.
Nf3 Ne5 17. gxf6 exf6 18. Bxe5 dxe5 19. Rg1 Qd7 20. Nh4 Qxh3# 0-1

[Event "WYCC Girls 10"]
[Site "Porto Carras"]
[Date "2015.10.26"]
[Round "2.11"]
[White "Hoshino, Meilin"]
[Black "Stepanyan, Eva"]
[Result "0-1"]
[BlackElo "1611"]
[WhiteElo "1360"]
[LiveChessVersion "1.4.6"]

1. d4 Nf6 2. c4 e6 3. Nc3 Bb4 4. Qc2 O-O 5. Nf3 b6 6. Bf4 Bb7 7. a3 Bxc3+ 8. Qxc3
d6 9. Rb1 Nbd7 10. Qc1 a5 11. Qd1 Qe7 12. e3 Be4 13. Bd3 Bxd3 14. Qxd3 e5 15. Bg3
e4 16. Qe2 exf3 17. Qxf3 Qe4 18. O-O Qxf3 19. gxf3 Nh5 20. Bh4 f6 21. f4 f5 22.
Kh1 Nhf6 23. Rg1 Ne4 24. Rbd1 c6 25. f3 Nef6 26. Rg2 Rac8 27. Rdg1 g6 28. Bg5
Rfe8 29. Re2 b5 30. h4 bxc4 31. Bh6 Nh5 32. Rg5 Kf7 33. Kg2 Ndf6 34. Kf1 Ng8 35.
Ke1 Nxh6 36. Kd2 Rb8 37. Kc3 d5 38. Re1 Rb3+ 39. Kc2 Rexe3 40. Rxe3 Rxe3 41. Rg1
Nxf4 42. Rf1 Rd3 43. a4 Rxd4 44. Rh1 Rd3 45. Rf1 Ng2 46. Rh1 Rxf3 47. h5 gxh5 48.
Rxh5 Kg6 49. Rh2 Ne3+ 50. Kb1 Nhg4 51. Re2 h5 52. Ka2 h4 53. Re1 h3 54. Rh1 h2
55. Kb1 Rf1+ 56. Rxf1 Nxf1 57. Ka2 h1=Q 58. Ka3 Nd2 59. Ka2 Qb1+ 60. Ka3 Qa1# 0-1

[Event "WYCC Girls 10"]
[Site "Porto Carras"]
[Date "2015.10.26"]
[Round "2.12"]
[White "Ziegenfuss, Antonia"]
[Black "Kastanieda, Alla"]
[Result "1-0"]
[WhiteElo "1608"]
[BlackElo "1388"]
[PlyCount "137"]
[EventDate "2015.??.??"]

1. e4 e6 2. d4 d5 3. Nc3 Nf6 4. Bd3 Bb4 5. e5 Nfd7 6. Qg4 Kf8 7. a3 Bxc3+ 8.
bxc3 h6 9. a4 c5 10. f4 c4 11. Ba3+ Kg8 12. Be2 h5 13. Qg3 Rh6 14. Nf3 f6 15.
Rf1 h4 16. Qg4 f5 17. Qh3 Nf8 18. Ng5 Ng6 19. g3 a6 20. gxh4 Rxh4 21. Qg3 Rh6
22. Rh1 Nh4 23. Kd2 Nc6 24. Rag1 Ng6 25. h4 Qd7 26. h5 Nf8 27. Rg2 g6 28. Rhg1
Qg7 29. Nh3 b5 30. hxg6 Nxg6 31. Qxg6 Rxg6 32. Rxg6 Ra7 33. Rxg7+ Rxg7 34.
Rxg7+ Kxg7 35. axb5 axb5 36. Bb4 Kf7 37. Ng5+ Ke8 38. Bh5+ Kd7 39. Bf7 Nd8 40.
Ba5 Nxf7 41. Nxf7 Ke7 42. Nd6 Bd7 43. Kc1 Bc6 44. Kb2 Kd7 45. Ka3 Ke7 46. Kb4
Kd7 47. Nxb5 Bxb5 48. Kxb5 Ke7 49. Kc6 Kf8 50. Kd7 Kf7 51. Bd8 Kf8 52. Kxe6 Ke8
53. Kxf5 Kxd8 54. Ke6 Ke8 55. f5 Kf8 56. Kxd5 Kf7 57. Kxc4 Ke7 58. f6+ Ke6 59.
d5+ Kd7 60. e6+ Kd6 61. f7 Ke7 62. d6+ Kf8 63. d7 Ke7 64. d8=Q+ Kxd8 65. f8=Q+
Kc7 66. e7 Kd7 67. e8=Q+ Kc7 68. Qfe7+ Kb6 69. Qb5# 1-0

[Event "WYCC Girls 10"]
[Site "Porto Carras"]
[Date "2015.10.27"]
[Round "3.1"]
[White "Can, Isil"]
[Black "Munkhzul, Davaakhuu"]
[Result "0-1"]
[BlackElo "1582"]
[WhiteElo "1795"]
[LiveChessVersion "1.4.6"]

1. e4 {[%clk 1:30:57]} e5 {[%clk 1:30:53]} 2. Nf3 {[%clk 1:31:23]} Nf6
{[%clk 1:31:11]} 3. Nxe5 {[%clk 1:31:46]} d6 {[%clk 1:31:31]} 4. Nf3
{[%clk 1:32:12]} Nxe4 {[%clk 1:31:52]} 5. Nc3 {[%clk 1:32:39]} Nxc3
{[%clk 1:32:01]} 6. dxc3 {[%clk 1:33:05]} Be7 {[%clk 1:32:18]} 7. Be3
{[%clk 1:33:31]} O-O {[%clk 1:32:10]} 8. Qd2 {[%clk 1:33:56]} Nd7
{[%clk 1:32:31]} 9. O-O-O {[%clk 1:33:56]} c6 {[%clk 1:32:47]} 10. h3
{[%clk 1:33:44]} Qa5 {[%clk 1:32:56]} 11. Kb1 {[%clk 1:34:06]} Ne5
{[%clk 1:32:08]} 12. Nd4 {[%clk 1:34:22]} Qc7 {[%clk 1:23:32]} 13. f4
{[%clk 1:33:36]} Nd7 {[%clk 1:22:37]} 14. Nb3 {[%clk 1:33:17]} a5
{[%clk 1:22:07]} 15. Be2 {[%clk 1:33:09]} b5 {[%clk 1:18:21]} 16. g4
{[%clk 1:33:25]} Bb7 {[%clk 1:17:52]} 17. Rhg1 {[%clk 1:31:36]} Ba6
{[%clk 1:10:56]} 18. Rdf1 {[%clk 1:29:57]} c5 {[%clk 1:10:14]} 19. g5
{[%clk 1:27:53]} b4 {[%clk 1:09:52]} 20. Bxa6 {[%clk 1:26:08]} Rxa6
{[%clk 1:09:55]} 21. Qd3 {[%clk 1:26:24]} c4 {[%clk 1:08:53]} 22. Qe2
{[%clk 1:26:30]} bxc3 {[%clk 1:08:56]} 23. Bd4 {[%clk 1:25:52]} a4
{[%clk 1:03:38]} 24. Na5 {[%clk 1:10:23]} cxb2 {[%clk 0:51:25]} 25. Nxc4
{[%clk 1:08:14]} a3 {[%clk 0:37:54]} 26. Nd2 {[%clk 1:05:57]} Rc8
{[%clk 0:37:01]} 27. c3 {[%clk 1:02:57]} Ra4 {[%clk 0:37:03]} 28. Nb3
{[%clk 1:00:18]} Nc5 {[%clk 0:30:15]} 29. Re1 {[%clk 0:58:10]} Nxb3
{[%clk 0:21:15]} 30. axb3 {[%clk 0:58:30]} a2+ {[%clk 0:19:36]} 31. Kxb2
{[%clk 0:58:44]} Rxd4 {[%clk 0:17:51]} 32. Rg3 {[%clk 0:53:01]} Rxf4
{[%clk 0:13:46]} 33. Qe3 {[%clk 0:38:49]} d5 {[%clk 0:11:44]} 34. Qxe7
{[%clk 0:37:50]} Rf2+ {[%clk 0:11:00]} 35. Ka1 {[%clk 0:38:11]} Qxe7
{[%clk 0:09:35]} 36. Rxe7 {[%clk 0:38:06]} Kf8 {[%clk 0:09:22]} 37. Ra7
{[%clk 0:38:27]} Re8 {[%clk 0:08:48]} 38. Rg1 {[%clk 0:38:23]} Re3
{[%clk 0:08:21]} 39. h4 {[%clk 0:37:52]} Rxc3 {[%clk 0:07:33]} 40. Re1
{[%clk 1:06:31]} g6 {[%clk 0:35:20]} 41. Rxa2 {[%clk 1:06:46]} Rxa2+
{[%clk 0:35:24]} 42. Kxa2 {[%clk 1:07:00]} Rh3 {[%clk 0:35:12]} 43. Rd1
{[%clk 1:07:19]} Rxh4 {[%clk 0:34:45]} 44. Rxd5 {[%clk 1:07:41]} h5
{[%clk 0:34:41]} 45. gxh6 {[%clk 1:07:17]} Rxh6 {[%clk 0:35:01]} 46. Ka3
{[%clk 1:07:43]} Rh5 {[%clk 0:34:00]} 47. Rd4 {[%clk 1:07:36]} g5
{[%clk 0:33:52]} 48. b4 {[%clk 1:07:35]} Rh4 {[%clk 0:34:08]} 49. Rd5
{[%clk 1:07:42]} g4 {[%clk 0:33:50]} 50. Rg5 {[%clk 1:07:52]} f6 {[%clk 0:34:01]}
51. Rf5 {[%clk 1:08:00]} Kf7 {[%clk 0:34:07]} 52. Ka4 {[%clk 1:08:18]} g3
{[%clk 0:34:25]} 53. Rf1 {[%clk 1:08:12]} Ke6 {[%clk 0:33:43]} 54. Ka5
{[%clk 1:08:03]} f5 {[%clk 0:33:59]} 55. b5 {[%clk 1:05:44]} f4 {[%clk 0:33:18]}
56. b6 {[%clk 1:04:44]} g2 {[%clk 0:32:50]} 57. Re1+ {[%clk 0:59:19]} Kf5
{[%clk 0:32:40]} 58. Ka6 {[%clk 0:58:49]} f3 {[%clk 0:31:26]} 59. b7
{[%clk 0:56:03]} f2 {[%clk 0:30:25]} 60. Re5+ {[%clk 0:55:35]} Kf6
{[%clk 0:30:03]} 61. b8=Q {[%clk 0:55:48]} f1=Q+ {[%clk 0:30:22]} 62. Rb5
{[%clk 0:54:20]} Ra4+ {[%clk 0:30:32]} 63. Kb6 {[%clk 0:53:41]} g1=Q+
{[%clk 0:30:45]} 0-1

[Event "WYCC Girls 10"]
[Site "Porto Carras"]
[Date "2015.10.27"]
[Round "3.2"]
[White "Altantuya, Boldbaatar"]
[Black "Mironenko, Galina"]
[Result "0-1"]
[BlackElo "1792"]
[WhiteElo "1561"]
[LiveChessVersion "1.4.6"]

1. e4 {[%clk 1:30:57]} d6 {[%clk 1:30:57]} 2. d4 {[%clk 1:31:10]} Nf6
{[%clk 1:31:23]} 3. Nc3 {[%clk 1:31:23]} c6 {[%clk 1:31:51]} 4. Nf3
{[%clk 1:31:02]} Bg4 {[%clk 1:32:14]} 5. h3 {[%clk 1:29:38]} Bxf3
{[%clk 1:32:37]} 6. Qxf3 {[%clk 1:29:45]} e6 {[%clk 1:33:01]} 7. Be3
{[%clk 1:28:25]} d5 {[%clk 1:31:56]} 8. exd5 {[%clk 1:23:06]} cxd5
{[%clk 1:32:16]} 9. O-O-O {[%clk 1:21:59]} Bb4 {[%clk 1:31:46]} 10. Bg5
{[%clk 1:20:19]} Bxc3 {[%clk 1:28:11]} 11. Qxc3 {[%clk 1:20:17]} Ne4
{[%clk 1:25:29]} 12. Bxd8 {[%clk 1:19:09]} Nxc3 {[%clk 1:25:51]} 13. bxc3
{[%clk 1:18:01]} Kxd8 {[%clk 1:26:18]} 14. Rd3 {[%clk 1:15:00]} Ke7
{[%clk 1:23:31]} 15. h4 {[%clk 1:11:10]} h5 {[%clk 1:23:40]} 16. Rhh3
{[%clk 1:10:31]} Nd7 {[%clk 1:23:46]} 17. Rhg3 {[%clk 1:08:06]} g6
{[%clk 1:24:04]} 18. f4 {[%clk 1:08:01]} Nf6 {[%clk 1:24:23]} 19. Rde3
{[%clk 1:06:10]} Rac8 {[%clk 1:23:47]} 20. Rgf3 {[%clk 0:54:52]} Kd6
{[%clk 1:23:33]} 21. c4 {[%clk 0:46:45]} dxc4 {[%clk 1:23:50]} 22. Ra3
{[%clk 0:47:11]} a6 {[%clk 1:23:40]} 23. Ra4 {[%clk 0:44:23]} c3 {[%clk 1:23:30]}
24. Ra3 {[%clk 0:41:48]} Nd5 {[%clk 1:22:52]} 25. Bd3 {[%clk 0:40:51]} Rc6
{[%clk 1:22:40]} 26. Be4 {[%clk 0:39:07]} Rhc8 {[%clk 1:22:44]} 27. g3
{[%clk 0:28:03]} b5 {[%clk 1:22:17]} 28. Rb3 {[%clk 0:27:58]} Rc4
{[%clk 1:22:15]} 29. Bxd5 {[%clk 0:25:40]} Kxd5 {[%clk 1:22:27]} 30. Rd3
{[%clk 0:25:44]} b4 {[%clk 1:22:32]} 31. a3 {[%clk 0:24:25]} a5 {[%clk 1:22:52]}
32. Kd1 {[%clk 0:21:54]} a4 {[%clk 1:22:40]} 33. Rxb4 {[%clk 0:22:01]} Rxb4
{[%clk 1:23:03]} 34. axb4 {[%clk 0:22:25]} a3 {[%clk 1:23:31]} 35. Ke2
{[%clk 0:22:50]} Kc4 {[%clk 1:23:04]} 36. Rd1 {[%clk 0:22:15]} a2
{[%clk 1:23:13]} 37. Ra1 {[%clk 0:18:12]} Ra8 {[%clk 1:23:36]} 38. b5
{[%clk 0:18:09]} Kxb5 {[%clk 1:24:00]} 39. Kd3 {[%clk 0:18:05]} Kb4
{[%clk 1:24:23]} 40. d5 {[%clk 0:46:31]} exd5 {[%clk 1:54:38]} 41. Kd4
{[%clk 0:46:55]} Ka3 {[%clk 1:54:54]} 42. Kxc3 {[%clk 0:46:41]} Rc8+
{[%clk 1:55:18]} 43. Kd2 {[%clk 0:45:25]} Kb2 {[%clk 1:55:40]} 0-1

[Event "WYCC Girls 10"]
[Site "Porto Carras"]
[Date "2015.10.27"]
[Round "3.3"]
[White "Divya, Deshmukh"]
[Black "Rakshitta, Ravi"]
[Result "1-0"]
[BlackElo "1516"]
[WhiteElo "1772"]
[LiveChessVersion "1.4.6"]

1. d4 {[%clk 1:30:51]} Nf6 {[%clk 1:29:10]} 2. Bg5 {[%clk 1:31:02]} Ne4
{[%clk 1:29:18]} 3. Bf4 {[%clk 1:31:16]} d5 {[%clk 1:29:35]} 4. e3
{[%clk 1:31:35]} c5 {[%clk 1:28:57]} 5. Bd3 {[%clk 1:31:41]} Nc6 {[%clk 1:24:10]}
6. Bxe4 {[%clk 1:30:33]} dxe4 {[%clk 1:23:58]} 7. d5 {[%clk 1:30:46]} e5
{[%clk 1:14:14]} 8. Bg3 {[%clk 1:29:59]} Ne7 {[%clk 1:12:25]} 9. Nc3
{[%clk 1:30:11]} Ng6 {[%clk 1:10:19]} 10. h4 {[%clk 1:28:49]} Qb6
{[%clk 1:02:43]} 11. h5 {[%clk 1:27:59]} Qxb2 {[%clk 1:01:22]} 12. Na4
{[%clk 1:28:06]} Qb4+ {[%clk 1:01:00]} 13. c3 {[%clk 1:28:25]} Qa3
{[%clk 1:00:30]} 14. hxg6 {[%clk 1:28:36]} Bd7 {[%clk 1:00:07]} 15. gxf7+
{[%clk 1:28:12]} Kxf7 {[%clk 0:58:52]} 16. d6 {[%clk 1:25:01]} Qxa4
{[%clk 0:49:47]} 17. Qd5+ {[%clk 1:24:48]} Be6 {[%clk 0:49:58]} 18. Qxb7+
{[%clk 1:24:53]} Kg8 {[%clk 0:41:08]} 19. Qxa8 {[%clk 1:25:04]} Qc2
{[%clk 0:40:15]} 20. Ne2 {[%clk 1:24:57]} Bc4 {[%clk 0:40:07]} 21. O-O
{[%clk 1:25:15]} Qa4 {[%clk 0:36:45]} 22. Bxe5 {[%clk 1:25:08]} Qd7
{[%clk 0:36:53]} 23. Nf4 {[%clk 1:25:24]} Kf7 {[%clk 0:35:17]} 24. Rfd1
{[%clk 1:25:33]} Rg8 {[%clk 0:32:57]} 25. Qxe4 {[%clk 1:25:46]} g6
{[%clk 0:30:44]} 26. Qxc4+ {[%clk 1:26:05]} 1-0

[Event "WYCC Girls 10"]
[Site "Porto Carras"]
[Date "2015.10.27"]
[Round "3.4"]
[White "Kamalidenova, Meruert"]
[Black "Melenchuk, Olga"]
[Result "1-0"]
[BlackElo "1497"]
[WhiteElo "1720"]
[LiveChessVersion "1.4.6"]

1. e4 {[%clk 1:30:57]} e5 {[%clk 1:30:52]} 2. Nf3 {[%clk 1:31:22]} Nc6
{[%clk 1:31:16]} 3. Bc4 {[%clk 1:31:44]} Bc5 {[%clk 1:31:41]} 4. c3
{[%clk 1:32:07]} Nf6 {[%clk 1:32:07]} 5. d3 {[%clk 1:32:29]} d6 {[%clk 1:32:25]}
6. h3 {[%clk 1:32:28]} h6 {[%clk 1:32:21]} 7. O-O {[%clk 1:32:47]} O-O
{[%clk 1:32:18]} 8. Nbd2 {[%clk 1:32:58]} a6 {[%clk 1:31:53]} 9. Bb3
{[%clk 1:33:18]} Ba7 {[%clk 1:30:22]} 10. Re1 {[%clk 1:33:03]} Qe7
{[%clk 1:27:33]} 11. Nf1 {[%clk 1:32:26]} Be6 {[%clk 1:26:25]} 12. Ng3
{[%clk 1:32:38]} Rad8 {[%clk 1:20:06]} 13. Qe2 {[%clk 1:31:07]} Qd7
{[%clk 1:13:15]} 14. Be3 {[%clk 1:30:39]} Bxe3 {[%clk 1:11:35]} 15. Qxe3
{[%clk 1:30:40]} Ne7 {[%clk 1:08:49]} 16. d4 {[%clk 1:29:07]} Bxb3
{[%clk 1:07:25]} 17. axb3 {[%clk 1:29:13]} Ng6 {[%clk 1:02:45]} 18. Rad1
{[%clk 1:27:23]} Qe6 {[%clk 0:58:48]} 19. d5 {[%clk 1:23:09]} Qd7
{[%clk 0:58:06]} 20. c4 {[%clk 1:22:00]} b6 {[%clk 0:56:24]} 21. Nf5
{[%clk 1:21:15]} Rfe8 {[%clk 0:55:09]} 22. N3h4 {[%clk 1:19:25]} Nxh4
{[%clk 0:45:42]} 23. Nxh4 {[%clk 1:19:47]} Kh7 {[%clk 0:31:33]} 24. Qf3
{[%clk 1:17:26]} Rb8 {[%clk 0:26:08]} 25. Ra1 {[%clk 1:16:41]} Qc8
{[%clk 0:25:37]} 26. Qe3 {[%clk 1:15:45]} b5 {[%clk 0:23:31]} 27. c5
{[%clk 1:16:02]} Qb7 {[%clk 0:20:47]} 28. c6 {[%clk 1:16:22]} Qb6
{[%clk 0:19:06]} 29. b4 {[%clk 1:13:33]} Qxe3 {[%clk 0:18:29]} 30. Rxe3
{[%clk 1:13:56]} Rb6 {[%clk 0:18:49]} 31. g4 {[%clk 1:13:12]} g5 {[%clk 0:15:47]}
32. Nf5 {[%clk 1:13:34]} Kg6 {[%clk 0:15:47]} 33. f3 {[%clk 1:13:50]} Kh7
{[%clk 0:15:36]} 34. Rea3 {[%clk 1:14:13]} Ra8 {[%clk 0:15:34]} 35. Ng3
{[%clk 1:14:17]} Kg6 {[%clk 0:15:42]} 36. Ra5 {[%clk 1:14:23]} Kg7
{[%clk 0:14:50]} 37. Ne2 {[%clk 1:14:26]} Kf8 {[%clk 0:13:30]} 38. Nc3
{[%clk 1:14:46]} Ke8 {[%clk 0:12:21]} 39. Rxb5 {[%clk 1:14:01]} Rxb5
{[%clk 0:11:26]} 40. Nxb5 {[%clk 1:44:19]} Kd8 {[%clk 0:41:34]} 41. Nc3
{[%clk 1:44:32]} Kc8 {[%clk 0:41:02]} 42. b5 {[%clk 1:44:32]} a5 {[%clk 0:38:31]}
43. b4 {[%clk 1:44:55]} a4 {[%clk 0:38:12]} 44. Rxa4 {[%clk 1:45:15]} Rb8
{[%clk 0:36:12]} 45. Ra5 {[%clk 1:44:01]} Ng8 {[%clk 0:35:57]} 46. Na4
{[%clk 1:44:03]} Ne7 {[%clk 0:33:56]} 47. b6 {[%clk 1:44:29]} cxb6
{[%clk 0:33:58]} 48. Ra7 {[%clk 1:44:54]} Ng6 {[%clk 0:33:10]} 49. Rxf7
{[%clk 1:44:44]} Nf4 {[%clk 0:33:06]} 50. Nc3 {[%clk 1:43:50]} Nxh3+
{[%clk 0:27:32]} 51. Kh2 {[%clk 1:44:05]} Nf4 {[%clk 0:27:49]} 52. Nb5
{[%clk 1:44:27]} Ng6 {[%clk 0:27:25]} 53. Nxd6+ {[%clk 1:44:40]} 1-0

[Event "WYCC Girls 10"]
[Site "Porto Carras"]
[Date "2015.10.27"]
[Round "3.5"]
[White "Ray, Hiya"]
[Black "Song, Yuxin"]
[Result "0-1"]
[BlackElo "1700"]
[WhiteElo "1531"]
[LiveChessVersion "1.4.6"]

1. e4 {[%clk 1:30:54]} c5 {[%clk 1:30:56]} 2. Nf3 {[%clk 1:31:10]} d6
{[%clk 1:31:19]} 3. d4 {[%clk 1:31:25]} cxd4 {[%clk 1:31:43]} 4. Nxd4
{[%clk 1:31:38]} Nf6 {[%clk 1:32:06]} 5. Nc3 {[%clk 1:31:47]} a6 {[%clk 1:32:30]}
6. Bg5 {[%clk 1:31:49]} e6 {[%clk 1:32:50]} 7. f4 {[%clk 1:31:58]} b5
{[%clk 1:33:15]} 8. Qf3 {[%clk 1:31:46]} Bb7 {[%clk 1:33:26]} 9. O-O-O
{[%clk 1:31:15]} b4 {[%clk 1:30:48]} 10. Bxf6 {[%clk 1:29:46]} gxf6
{[%clk 1:26:40]} 11. g3 {[%clk 1:28:29]} bxc3 {[%clk 1:25:26]} 12. Qxc3
{[%clk 1:27:49]} Bxe4 {[%clk 1:24:42]} 13. Nf3 {[%clk 1:27:10]} Nd7
{[%clk 1:23:21]} 14. Qe3 {[%clk 1:26:43]} d5 {[%clk 1:19:39]} 15. Bd3
{[%clk 1:25:58]} Bc5 {[%clk 1:18:31]} 16. Qe2 {[%clk 1:23:28]} Bxd3
{[%clk 1:17:51]} 17. Qxd3 {[%clk 1:22:35]} Qb6 {[%clk 1:13:50]} 18. Rhe1
{[%clk 1:20:42]} Rb8 {[%clk 1:12:16]} 19. b3 {[%clk 1:17:26]} Ba3+
{[%clk 1:10:56]} 20. Kb1 {[%clk 1:16:39]} Be7 {[%clk 1:11:12]} 21. f5
{[%clk 1:15:38]} Nc5 {[%clk 1:10:40]} 22. Qe2 {[%clk 1:15:10]} Ne4
{[%clk 1:10:26]} 23. Rd3 {[%clk 1:11:16]} Bb4 {[%clk 1:08:50]} 24. Red1
{[%clk 1:04:28]} Nc3+ {[%clk 1:07:14]} 25. Rxc3 {[%clk 1:03:56]} Bxc3
{[%clk 1:07:42]} 26. Rxd5 {[%clk 1:03:13]} Qb4 {[%clk 1:07:26]} 27. Kc1
{[%clk 0:59:16]} Qa3+ {[%clk 1:07:39]} 28. Kd1 {[%clk 0:54:22]} Qxa2
{[%clk 1:07:29]} 29. Qe4 {[%clk 0:53:43]} Rb4 {[%clk 1:06:07]} 30. Qe3
{[%clk 0:52:19]} Qb1+ {[%clk 1:06:28]} 31. Ke2 {[%clk 0:51:42]} Qxc2+
{[%clk 1:06:55]} 32. Nd2 {[%clk 0:49:46]} Bxd2 {[%clk 1:07:14]} 33. Rxd2
{[%clk 0:49:32]} Qc6 {[%clk 1:07:10]} 34. Kd1 {[%clk 0:48:39]} Qh1+
{[%clk 1:06:45]} 35. Kc2 {[%clk 0:47:49]} Qe4+ {[%clk 1:07:02]} 36. Qxe4
{[%clk 0:48:09]} Rxe4 {[%clk 1:07:28]} 37. fxe6 {[%clk 0:47:43]} fxe6
{[%clk 1:07:55]} 38. Kc3 {[%clk 0:47:45]} O-O {[%clk 1:08:14]} 39. Rd6
{[%clk 0:47:46]} Ra8 {[%clk 1:08:26]} 40. Kd3 {[%clk 1:17:48]} Re5
{[%clk 1:38:45]} 41. Rd4 {[%clk 1:17:03]} Rd5 {[%clk 1:39:10]} 42. Rxd5
{[%clk 1:17:16]} exd5 {[%clk 1:39:36]} 0-1

[Event "WYCC Girls 10"]
[Site "Porto Carras"]
[Date "2015.10.27"]
[Round "3.6"]
[White "Demeter, Dorina"]
[Black "Ershova, Margarita"]
[Result "1-0"]
[BlackElo "1493"]
[WhiteElo "1684"]
[LiveChessVersion "1.4.6"]

1. d4 {[%clk 1:30:57]} d6 {[%clk 1:30:44]} 2. e4 {[%clk 1:30:59]} Nf6
{[%clk 1:30:57]} 3. Nc3 {[%clk 1:31:20]} e5 {[%clk 1:31:02]} 4. d5
{[%clk 1:31:14]} Be7 {[%clk 1:30:41]} 5. f3 {[%clk 1:30:32]} O-O {[%clk 1:30:13]}
6. Be3 {[%clk 1:30:05]} a6 {[%clk 1:29:26]} 7. Nge2 {[%clk 1:24:12]} Nbd7
{[%clk 1:28:24]} 8. g4 {[%clk 1:24:16]} Ne8 {[%clk 1:27:58]} 9. Ng3
{[%clk 1:21:49]} Bh4 {[%clk 1:20:51]} 10. Qd2 {[%clk 1:21:07]} b5
{[%clk 1:08:29]} 11. O-O-O {[%clk 1:13:07]} Nc5 {[%clk 1:07:43]} 12. a3
{[%clk 1:08:28]} Bd7 {[%clk 0:59:51]} 13. Nf5 {[%clk 1:05:34]} Bxf5
{[%clk 0:54:49]} 14. exf5 {[%clk 0:50:14]} Be7 {[%clk 0:45:45]} 15. g5
{[%clk 0:45:19]} Kh8 {[%clk 0:45:19]} 16. h4 {[%clk 0:44:47]} Rg8
{[%clk 0:33:24]} 17. h5 {[%clk 0:40:37]} Bf8 {[%clk 0:31:04]} 18. g6
{[%clk 0:40:04]} fxg6 {[%clk 0:24:21]} 19. hxg6 {[%clk 0:40:05]} h6
{[%clk 0:24:23]} 20. Bxh6 {[%clk 0:40:03]} gxh6 {[%clk 0:24:14]} 21. Rxh6+
{[%clk 0:40:10]} Kg7 {[%clk 0:24:04]} 22. Rh7+ {[%clk 0:40:33]} Kf6
{[%clk 0:23:59]} 23. Rf7# 1-0